000 00660nam a2200241Ia 4500
003 OSt
005 20220924132220.0
006 a|||||r|||| 00| 0
007 ta
008 220923b |||||||| |||| 00| 0 san d
024 _a35967
037 _cTextual
040 _aARTS
_cARTS
_bsan
041 _2san
_asan
082 _aQ125:4x4:1, 15D7.2 (15D7.1)
100 _aSatasadha
_9203950
245 0 _aSrauta sutranm ed by Kasinatha Sastri Agase
260 _c1907
490 _aAnandasrama sanskrit series; 53
650 _aRELIGION
942 _hQ125:4x4:1, 15D7.2 (15D7.1)
_cTEXL
_2CC
999 _c429625
_d429625